War AND Politics/ (Record no. 51721)
[ view plain ]
| 000 -LEADER | |
|---|---|
| fixed length control field | 00349nam a22001337a 4500 |
| 008 - FIXED-LENGTH DATA ELEMENTS--GENERAL INFORMATION | |
| fixed length control field | 171113b xxu||||| |||| 00| 0 eng d |
| 050 ## - LIBRARY OF CONGRESS CALL NUMBER | |
| Classification number | D251 |
| Item number | .T46 1973 |
| 100 ## - MAIN ENTRY--PERSONAL NAME | |
| Personal name | Bernard, Brodie |
| 245 ## - TITLE STATEMENT | |
| Title | War AND Politics/ |
| Statement of responsibility, etc | Bernard Brodie |
| 260 ## - PUBLICATION, DISTRIBUTION, ETC. (IMPRINT) | |
| Place of publication, distribution, etc | New york: |
| Name of publisher, distributor, etc | Macmillan, |
| Date of publication, distribution, etc | 1973 |
| 300 ## - PHYSICAL DESCRIPTION | |
| Extent | xii,514p. |
| Dimensions | 23cm |
| 650 ## - SUBJECT ADDED ENTRY--TOPICAL TERM | |
| Topical term or geographic name as entry element | War |
| Form subdivision | Book |
| 942 ## - ADDED ENTRY ELEMENTS (KOHA) | |
| Source of classification or shelving scheme | Library of Congress Classification |
| Item type | Book |
| Withdrawn status | Lost status | Source of classification or shelving scheme | Damaged status | Not for loan | Collection code | Home library | Current library | Shelving location | Date acquired | Source of acquisition | Cost, normal purchase price | Total Checkouts | Full call number | Barcode | Copy number | Price effective from | Koha item type |
|---|---|---|---|---|---|---|---|---|---|---|---|---|---|---|---|---|---|
| Library of Congress Classification | Non-fiction | Bishop Okullu Memorial Library (Limuru Campus) | Bishop Okullu Memorial Library (Limuru Campus) | General Circulation | 13/11/2017 | Donation-BFA | 1000.00 | D251 .T46 1973 | 056754 | 1 | 13/11/2017 | Book |